Statistics for Merged Country Shapes Quiz #2

Click here to take the quiz!

General Stats

  • This quiz has been taken 22,522 times
    (22,358 since last reset)
  • The average score is 23 of 32

Answer Stats

Country % Correct
Italy
100%
France
99%
Greece
92%
China
91%
Turkey
91%
Argentina
90%
Mongolia
88%
Thailand
87%
Uruguay
86%
Malaysia
85%
Morocco
84%
Algeria
83%
Albania
81%
Israel
79%
Bulgaria
78%
Lebanon
76%
Iraq
73%
Mali
71%
Peru
71%
Jordan
71%
Saudi Arabia
69%
Chad
69%
Ecuador
68%
Nigeria
66%
United Arab Emirates
65%
Senegal
63%
Eritrea
43%
Latvia
42%
Estonia
42%
Djibouti
42%
Honduras
37%
Guatemala
37%

Score Distribution

Percentile by Number Answered

Percent of People with Each Score

Your Score History

You have not taken this quiz since the last reset